000 00369nam a2200133Ia 4500
008 211109s9999||||xx |||||||||||||| ||und||
082 _a890.1
_bSAC-R
100 _aK Sachidanandan,
245 0 _a100 Russian Kavithakal
260 _bNATIONAL BOOKSTALL
_aKottayam
630 _xGENERAL STACK
650 _aLiterature
_vRussian Literature
_xRussain Poetry
942 _cBOOK
999 _c41966
_d41966